000 01179nam a2200349 a 4500
001 46246
003 BD-RjUL
005 20211209054127.0
008 160801s1933 sz a 000 0 eng d
035 _aMITb10892170
035 _a(BD-RjUL)46364
040 _aDVP
_cDVP
_dOCL
_dMYG
_beng
041 _aeng
082 _a330.973
_bNAT 1933
110 2 _aInternational Labour Office.
_9133440
245 1 0 _aNational recovery measures in the United States /
260 _aGeneva,
_c1933.
300 _aviii, 224 p. :
_bill. ;
_c24 cm.
490 1 _aIts Studies and reports, Series B (Economic conditions)
_vno. 19
500 _aAt head of title: International labour office...
505 0 _a--Introduction.--Legislative measures.--Industrial codes.
610 1 0 _aUnited States.
_9141262
650 0 _aIndustrial laws and legislation
_zUnited States.
_9134456
650 0 _aPublic works
_zUnited States.
_9134457
651 0 _aUnited States
_xEconomic policy.
_9141258
710 1 _aUnited States.
_tLaws, etc.
_9134460
830 0 _aStudies and reports.
_vno. 19.
_9141263
942 _2ddc
_cBK
946 _at
949 _ac
_p39080020362411
999 _c46246
_d46246